Language Quiz

Random Language Quiz

Anguished English 3 Quiz Stats

Quiz not verified by Sporcle

Challenge
Share
Tweet
Embed
Score 0/28 Timer 08:00
0 Plays Today
% Correct
French phrases
83.1%
Gerald Ford
82.3%
Richard Nixon
81.4%
US Presidents
79.8%
au revoir
78.8%
Chelsea
78.8%
Arsenal
77.1%
Manchester United
76.7%
filet mignon
72.1%
laissez-faire
71.9%
Thomas Jefferson
69.7%
Premier League Teams
66.5%
plate tectonics
66.1%
Barack Obama
66.1%
% Correct
Chester Arthur
65.7%
scientific terms
61.9%
John Quincy Adams
54%
centripetal force
53.6%
fait accompli
46.8%
quantum mechanics
46.3%
tout le monde
37%
Aston Villa
36.9%
entre nous
36%
Tottenham Hotspur
34.8%
Bernoulli effect
28.8%
Wigan Athletic
25.1%
Heisenberg Uncertainty Principle
23.5%
ideal gas law
22%

You're not logged in!

Compare scores with friends on all Sporcle quizzes.
Join for Free
OR
Log In

You Might Also Like...

Show Comments

Extras

Top Quizzes Today


Score Distribution

Your Account Isn't Verified!

In order to create a playlist on Sporcle, you need to verify the email address you used during registration. Go to your Sporcle Settings to finish the process.

Report this User

Report this user for behavior that violates our Community Guidelines.

Details: